Loading...
World and Other Literature | 0 | 4 | 0 | 0 | 40 | 107 | 131.25 | 0 | 4 |
History - World History | 0 | 4 | 0 | 0 | 40 | 106 | 111.50 | 1 | 4 |
Literature - American Literature | 0 | 4 | 0 | 0 | 40 | 114 | 136.50 | 0 | 4 |
Literature - British Literature | 0 | 4 | 1 | 0 | 35 | 116 | 140.00 | 0 | 4 |
History - American History | 0 | 3 | 0 | 0 | 30 | 113 | 114.67 | 0 | 3 |
History - European History | 0 | 3 | 0 | 0 | 30 | 96 | 106.33 | 1 | 3 |
Literature - European Literature | 0 | 3 | 1 | 0 | 25 | 119 | 133.00 | 0 | 2 |
Ancient History and Archaeology | 1 | 1 | 0 | 0 | 25 | 60 | 74.00 | 2 | 2 |
Other Arts: Auditory | 0 | 2 | 0 | 0 | 20 | 101 | 121.00 | 0 | 2 |
Fine Arts - Auditory Fine Arts | 0 | 2 | 0 | 0 | 20 | 126 | 133.50 | 1 | 1 |
Geography | 0 | 2 | 0 | 1 | 20 | 93 | 114.50 | 1 | 2 |
Philosophy | 0 | 2 | 1 | 0 | 15 | 92 | 97.50 | 0 | 2 |
Fine Arts - Visual Fine Arts | 0 | 2 | 1 | 0 | 15 | 119 | 127.50 | 0 | 2 |
Beliefs | 0 | 2 | 1 | 0 | 15 | 107 | 109.50 | 2 | 2 |
British and Commonwealth History | 0 | 1 | 0 | 1 | 10 | 136 | 136.00 | 0 | 1 |
Current Events | 0 | 1 | 0 | 0 | 10 | 66 | 66.00 | 1 | 1 |
Other Science: Computer Science | 0 | 1 | 0 | 0 | 10 | 130 | 130.00 | 0 | 1 |
Other Science: Math | 0 | 1 | 0 | 1 | 10 | 147 | 147.00 | 0 | 1 |
Science - Physics | 0 | 1 | 0 | 0 | 10 | 124 | 124.00 | 1 | 1 |
Chemistry> | 0 | 1 | 0 | 0 | 10 | 108 | 108.00 | 0 | 1 |
Science - Biology | 0 | 1 | 1 | 0 | 5 | 101 | 101.00 | 1 | 1 |
Social Science | 0 | 0 | 0 | 0 | 0 | 0.00 | 0 | 0 |